Normal view
MARC view
Entry Personal Name
001 - CONTROL NUMBER
- control field: 33084
003 - CONTROL NUMBER IDENTIFIER
- control field: dpl
005 - DATE AND TIME OF LATEST TRANSACTION
- control field: 20110818161605.0
008 - FIXED-LENGTH DATA ELEMENTS
- fixed length control field: 110818|||a|||||| | ||| d
040 ## - CATALOGING SOURCE
- Original cataloging agency: dpl
- Transcribing agency: dpl
100 ## - HEADING--PERSONAL NAME
- Personal name: राव, सी. भास्कर
670 ## - SOURCE DATA FOUND
- Source citation: Work cat.: (dpl)49135: राव, सी. भास्कर, आतंकःतथा अन्य कहानियाँ /, 2010
670 ## - SOURCE DATA FOUND
- Source citation: Work cat.: (dpl)49135: राव, सी. भास्कर, आतंकःतथा अन्य कहानियाँ /, 2010
